000 01531cam a22004694i 4500
003 PE-LiUPU
005 20250731172703.0
008 150616s r 000 0 d
020 _a0830813160
035 _a(Sirsi) i9780830813162
040 _aPE-LiUPU
_bspa
_cPE-LiUPU
_erda
049 _aPRUA
082 0 4 _a230
_bS82
_221
100 1 _aStott, John R. W.,
_eautor.
245 1 4 _aThe contem-porary christian; applying god's word to today's world /
_cJohn R. W. Stott.
264 1 _aDowners Grove, Illinois :
_bIntervarsity press,
_c1992.
300 _a432 páginas ;
_c23 centímetros.
336 _atext
_2rdacontent
337 _aunmediated
_2rdamedia
338 _avolume
_2rdacarrier
504 _aNotas Bibliográficas.
505 0 _aThe gospel -- The disciple -- The church -- The world.
526 _aSEG42
526 _aSEG41
526 _aSEG40
526 _aSEG39
526 _aP94
526 _aP87
526 _aP86
526 _aP85
526 _aP77
526 _aP76
526 _aP35
650 0 4 _aTeología.
910 _ajck
_bjvq
_cjck
942 _2ddc
_cBOOK
949 _a230 S82
_wDEWEY
_c1
_i43656
_lCCODEBUL1
_mBUL
_r0
_sY
_tBOOK
_u2015-6-16
_xTEOLOGIA
_zUNKNOWN
_0COMPRA
_o.STAFF. Colección General
994 _aC0
_bPEPRU
596 _a1
999 _a230 S82
_wDEWEY
_c122
_i43656
_f2021-11-9
_g5
_lCCODEBUL1
_mBUL
_r0
_sY
_tBOOK
_u2015-6-16
_xTEOLOGIA
_zUNKNOWN
_0COMPRA
_o.STAFF. Colección General
_d122
980 _81
_gALBERTO SANCHEZ Responsable de Automatización